00000000nam##2200000za#4500
0019.587680
003CaOODSP
00520210624194742
007cr |||||||||||
008150406|2007||||xxc|||||o    f|0| 0 fre|d
022 |a1701-1280
040 |aCaOODSP|bfre
041 |aeng
041 |afre
043 |an-cn---
0861 |aFs70-4/2007-003-PDF
1101 |aCanada. |bMinistère des pêches et des océans.
24510|aQuatrième réunion du Groupe canadien de travail scientifique sur l'anguille : |h[ressource électronique]|bles 3 et 4 octobre 2006, Québec / |c[par] David Cairns et François Caron.
260 |aCharlottetown - Ile du Prince-Édouard : |bPêches et Océans Canada |cMai 2007.
300 |a67p.|bgraphiques, tableaux
4901 |aSecrétariat canadien de consultation scientifique, série des comptes rendus|x1701-1280|v2007/003
590 |a11-31-Supp|b2011-12-13
7201 |aCaron, François
7201 |aCairns, David
791 |tFourth meeting of the Canadian Eel Science Working Group : |eeng|w(CaOODSP)9.587679
830#0|aCompte rendu (Secrétariat canadien de consultation scientifique)|x1701-1280|v2007/003|w(CaOODSP)9.500508
85640|ahttp://publications.gc.ca|qPDF|s444 Ko|uhttps://publications.gc.ca/collections/collection_2011/mpo-dfo/Fs70-4-2007-003.pdf|y2007/003